Veľkoobchodné ceny a ich pôsobenie

Salvato in:
Dettagli Bibliografici
Autore principale: Mikulič, Kamil
Natura: Libro
Lingua:slovacco
Pubblicazione: Bratislava Alfa 1982
Serie:Edícia ekonomickej literatúry
Tags: Aggiungi Tag
Nessun Tag, puoi essere il primo ad aggiungerne!!

MARC

LEADER 00000nam a2200000 4500
001 c136057
005 20041019155306.1
041 0 |a slo 
044 |a SK 
245 1 0 |a Veľkoobchodné ceny a ich pôsobenie  |c Kamil Mikulič 
264 1 |a Bratislava  |b Alfa  |c 1982 
300 |a 207 s. 
490 1 |a Edícia ekonomickej literatúry 
830 0 |a Edícia ekonomickej literatúry 
100 1 |a Mikulič, Kamil